| 000 | 00622nam a2200205Ia 4500 | ||
|---|---|---|---|
| 005 | 20260629163254.0 | ||
| 008 | 260629s9999||||xx |||||||||||||| ||und|| | ||
| 020 |
_a9780670092192 _qhb |
||
| 082 |
_a915.41 _bSEN |
||
| 100 | _aSen, Sudipta | ||
| 245 | 0 | _aGanga : the many pasts of a river | |
| 260 |
_aGurugram _bPenguin Random House India _c2019 |
||
| 300 | _axiii, 445p. ; 24cm. | ||
| 653 | _aEnvironmental history—India | ||
| 653 | _aGanges River (India and Bangladesh)—History | ||
| 653 | _aGanges River Valley—History | ||
| 653 | _aIndia—Civilization | ||
| 653 | _aSacred rivers—India | ||
| 942 | _cBK | ||
| 999 |
_c57279 _d57279 |
||